000 00390nam a22001697a 4500
999 _c11728
_d11728
003 OSt
008 230124b ||||| |||| 00| 0 eng d
020 _a9788126504244
082 _a658.301 WEP
100 _aWEST,Mike
245 _aPeople Analytics for Dummies
250 _aRep
260 _aNew Delhi
_bWiley
_c2019
300 _a439
650 _aPeople Analytics
942 _2ddc
_cREF